000 00299nam a2200133Ia 4500
008 191201s2009 xx 000 0 und d
082 _a658.3
_bJYH
100 _aJYOTHI,P
245 0 _aHuman Resource Management
260 _aN. Delhi
_bOxford
_c2009
300 _a565
650 _aBBA
942 _2ddc
_cBK
999 _c51
_d51